00711nam a2200229Ia 4500008004000000020001800040041000800058082001500066100002100081245004700102250000500149260003900154300001400193650001500207650000700222650001800229650001400247690001200261906001100273999001900284952017800303210210b2014 xxu||||| |||| 00| 0 eng d a9781449693527 aeng a574.5 GIRP aGIRARD (James E) aPrinciples of environmental chemistry Ed 3 a aBurlingtonbJones & Bartlettc2014 axxiii,711 aPrinciples aof aenvironmental achemistry aEcology a067784 c151783d151783 001040738Ecology and EnvironmentaALbALcRSd2021-02-17eIntact Bookhouse Pvt. Ltd, Bangalore-560050g5113.40l0o574.5 GIRPp067784r2021-02-17 00:00:00w2021-02-17yBK